|
|
|
|
| LEADER |
01044nam a2200253 i 4500 |
| 003 |
GR-PaULI |
| 005 |
20210117210956.0 |
| 008 |
191001s1991 gr a|||g |||| 00| 0dgre d |
| 952 |
|
|
|0 0
|1 0
|2 ddc
|4 0
|6 730_920000000000000_ΑΡΜ
|7 0
|9 235681
|a THST
|b THST
|d 2019-10-01
|i 002350
|l 0
|o 730.92 ΑΡΜ
|p 025000011937
|r 2019-10-01 00:00:00
|t 1
|v 2019.00
|w 2019-10-01
|y BK15
|
| 999 |
|
|
|c 142772
|d 142772
|
| 040 |
|
|
|a GR-PaULI
|b gre
|c GR-PaULI
|e AACR2
|
| 041 |
0 |
|
|a gre
|a eng
|
| 082 |
0 |
4 |
|2 23
|a 730.92
|
| 245 |
0 |
0 |
|a Αρμακόλας :
|b 1960-1990 = Armakolas.
|
| 246 |
1 |
3 |
|a Armakolas
|
| 260 |
|
|
|a Αθήνα :
|b Εψιλον,
|c 1991.
|
| 300 |
|
|
|a 100 σ. :
|b εικ. ;
|c 30 εκ.
|
| 504 |
|
|
|6 Περιλαμβάνει βιβλιογραφία.
|
| 546 |
|
|
|a Κείμενα στα ελληνικά και αγγλικά.
|
| 600 |
1 |
4 |
|9 178101
|a Αρμακόλας, Δημήτρης,
|d 1939-2009.
|
| 650 |
|
4 |
|9 79338
|a Καλλιτέχνες, Έλληνες
|y 20ός αιώνας
|
| 650 |
|
4 |
|9 51594
|a Γλύπτες
|z Ελλάδα
|
| 942 |
|
|
|2 ddc
|c BK15
|
| 998 |
|
|
|c ΜΑΝΙΑ
|d 2019-09
|